| 000 | 01596nam0a2200373 4500 | ||
|---|---|---|---|
| 001 | RU\NLR\bibl\1270027 | ||
| 005 | 20260406002101.0 | ||
| 010 |
_a978-5-389-00137-4 _97000 |
||
| 021 |
_aRU _b2008-52800 _92921 |
||
| 035 | _a(NLR Aleph) 001255909 | ||
| 090 |
_a348490 _c348490 |
||
| 100 | _a20080905d2008 |||y0rusy50 ca | ||
| 101 | 1 |
_arus _cita |
|
| 102 | _aRU | ||
| 105 | _ay ||||||||| | ||
| 200 | 1 |
_aДвойная жизнь Вермеера _dLa doppia vita di Vermeer _fЛуиджи Гуарньери _gпер. с ит. Льва Каца _zita |
|
| 210 |
_aМосква _cКоЛибри _d2008 |
||
| 215 |
_a285, [1] с. _d21 |
||
| 300 | _aАвт. также на ит. яз.: Luigi Guarnieri | ||
| 320 | _aБиблиогр. в конце кн. | ||
| 510 | 0 |
_6z73790 _aLa doppia vita di Vermeer _zita |
|
| 600 | 1 |
_aВермер Делфтский _bЯ. _f1632 - 1675 _gЯн _xв художественной литературе _92110541 _3RU\NLR\auth\661579061 |
|
| 686 | _aШ6(4Ит)67-4{Лх1609-50} | ||
| 686 | _aЩ143(4Н)44-8Вермеер7 | ||
| 700 | 1 |
_4070 _8rus _7ca _aГуарньери _bЛ. _f1962- _gЛуиджи _3RU\NLR\auth\7772617 _955545 |
|
| 702 | 1 |
_4570 _8rus _7ca _aВермер Делфтский _bЯ. _f1632-1675 _gЯн _3RU\NLR\AUTH\77111628 _994553 |
|
| 790 | 1 |
_4070 _8ita _7ba _aGuarnieri _bL. _f1962- _gLuigi _3RU\NLR\auth\7772620 _955548 |
|
| 801 | 0 |
_aRU _bNLR _c20080905 _gRCR |
|
| 801 | 1 |
_aRU _bNLR _c20080905 |
|
| 942 | _cBOOK | ||
| 980 | _aNB | ||